[Event "Quebec op"]
[Site "Longueuil CAN"]
[Date "2019.07.21"]
[Round "2.8"]
[White "Saha, Ananda"]
[Black "Kaufman, Raymond"]
[Result "0-1"]
[WhiteElo "2059"]
[BlackElo "2301"]
[PlyCount "80"]
[EventDate "2019.07.20"]
[EventType "swiss"]
[EventRounds "9"]
[EventCountry "CAN"]

1. d4 Nf6 2. Bg5 e6 3. Nd2 c5 4. e3 d5 5. Ngf3 Nbd7 6. c4 cxd4 7. Nxd4 dxc4 8.
Bxc4 Bd6 9. O-O O-O 10. Ne4 Bxh2+ 11. Kxh2 Qc7+ 12. Bf4 Qxc4 13. Nd6 Qd5 14.
N4b5 b6 15. Nc7 Qxd1 16. Rfxd1 Rb8 17. b4 Ng4+ 18. Kg3 Ndf6 19. f3 e5 20. Bg5
h6 21. Bxf6 Nxf6 22. e4 Bd7 23. Rac1 Rbd8 24. Nc4 Ba4 25. Rxd8 Rxd8 26. Nxe5
Rd2 27. a3 Nh5+ 28. Kh4 Nf4 29. g3 g5+ 30. Kg4 Nd3 31. Rc3 Nxe5+ 32. Kf5 Ng6
33. Nd5 Kg7 34. Rc7 Bb3 35. f4 Rf2 36. Rxa7 gxf4 37. Kg4 h5+ 38. Kh3 f3 39. a4
Bc4 40. Ne3 Be6+ 0-1

[Event "Quebec op"]
[Site "Longueuil CAN"]
[Date "2019.07.21"]
[Round "2.9"]
[White "Duong, Thanh Nha"]
[Black "Jacquet, Stephane"]
[Result "1-0"]
[WhiteElo "2230"]
[BlackElo "1915"]
[PlyCount "87"]
[EventDate "2019.07.20"]
[EventType "swiss"]
[EventRounds "9"]
[EventCountry "CAN"]

1. c4 e6 2. Nf3 Nf6 3. g3 d5 4. Bg2 Nbd7 5. O-O dxc4 6. Na3 Nb6 7. Nxc4 Nxc4 8.
Qa4+ Bd7 9. Qxc4 Bc6 10. b3 Be7 11. Bb2 O-O 12. d3 Bd5 13. Qc3 c5 14. e4 Bc6
15. Ne5 Be8 16. g4 b5 17. Rad1 Rc8 18. Ba1 b4 19. Qb2 Bb5 20. Rfe1 Qc7 21. h3
Rfd8 22. Qe2 Ne8 23. Nc4 Bg5 24. Be5 Qe7 25. f4 Bh4 26. Rf1 f6 27. Bb2 Bxc4 28.
dxc4 e5 29. fxe5 fxe5 30. Rd5 Rxd5 31. exd5 Bg3 32. Rf3 Bh4 33. Bxe5 Nd6 34.
Re3 Re8 35. Bd4 cxd4 36. Rxe7 Rxe7 37. Qd2 Bg3 38. Qxd4 Re1+ 39. Bf1 Ne4 40.
Kg2 Bf2 41. Qe5 h6 42. Qe7 Kh7 43. Bd3 Rg1+ 44. Kh2 1-0

[Event "Quebec op"]
[Site "Longueuil CAN"]
[Date "2019.07.21"]
[Round "2.10"]
[White "Guipi Bopala, Prince Eric jr"]
[Black "Masse, Hugues"]
[Result "1/2-1/2"]
[WhiteElo "1619"]
[BlackElo "2168"]
[PlyCount "90"]
[EventDate "2019.07.20"]
[EventType "swiss"]
[EventRounds "9"]
[EventCountry "CAN"]

1. d4 Nf6 2. Bf4 e6 3. e3 d5 4. c3 Bd6 5. Bg5 O-O 6. Nd2 Nbd7 7. Ngf3 e5 8.
dxe5 Nxe5 9. Nxe5 Bxe5 10. Nf3 Bg4 11. Be2 Bxf3 12. Bxf3 c6 13. Bh4 Re8 14. O-O
Qc7 15. Bg3 Bxg3 16. hxg3 Qb6 17. Qc2 g6 18. Rfd1 Re7 19. Rd2 Rae8 20. Rad1 Qc5
21. Rd4 Kg7 22. Qb3 h6 23. c4 dxc4 24. Qxc4 Qxc4 25. Rxc4 Re5 26. Rb4 R8e7 27.
Rd8 Rc5 28. Rbd4 Ree5 29. Rb4 Re7 30. Rbd4 Rc2 31. Rd2 Rxd2 32. Rxd2 g5 33. Kf1
g4 34. Bd1 h5 35. Bb3 Ne4 36. Rd4 Nc5 37. Bc2 Ne6 38. Rd2 Kf6 39. Bb3 Nc5 40.
Bc2 Ne6 41. Bb3 Rc7 42. Ke2 Ke7 43. Bxe6 fxe6 44. Rd1 Rc8 45. Rh1 Rh8 1/2-1/2

[Event "Quebec op"]
[Site "Longueuil CAN"]
[Date "2019.07.21"]
[Round "2.11"]
[White "Huang, Qiuyu"]
[Black "Trahan, Daniel"]
[Result "1/2-1/2"]
[WhiteElo "2181"]
[BlackElo "1949"]
[PlyCount "77"]
[EventDate "2019.07.20"]
[EventType "swiss"]
[EventRounds "9"]
[EventCountry "CAN"]

1. e4 c5 2. Nf3 Nc6 3. d4 cxd4 4. Nxd4 Nf6 5. Nc3 d6 6. Bg5 e6 7. Qd2 a6 8.
O-O-O h6 9. Bf4 Bd7 10. Nxc6 Bxc6 11. f3 d5 12. Qe1 Bb4 13. a3 Bxc3 14. Qxc3
O-O 15. h4 Qe7 16. e5 Nd7 17. Qe3 Qc5 18. Rd4 f6 19. Bd3 Bb5 20. Bg6 Nxe5 21.
Bxe5 fxe5 22. Qxe5 Rf6 23. h5 Be8 24. Rg4 Bxg6 25. Rxg6 Rc8 26. c3 Rcf8 27.
Rxf6 Rxf6 28. Re1 b5 29. Kd2 Kh7 30. Qd4 Qc4 31. Re5 Kg8 32. Qxc4 bxc4 33. Ke3
Kf7 34. Kd4 Ke7 35. Kc5 Rf8 36. Re2 Rb8 37. a4 Kd7 38. Rf2 Rc8+ 39. Kd4 1/2-1/2

[Event "Quebec op"]
[Site "Longueuil CAN"]
[Date "2019.07.21"]
[Round "2.12"]
[White "Soudre, Nicolas"]
[Black "Mercure, Gilbert"]
[Result "1-0"]
[WhiteElo "2086"]
[BlackElo "1795"]
[PlyCount "59"]
[EventDate "2019.07.20"]
[EventType "swiss"]
[EventRounds "9"]
[EventCountry "CAN"]

1. e4 d5 2. exd5 Nf6 3. d4 Bg4 4. f3 Bf5 5. g4 Bg6 6. c4 e6 7. g5 Nh5 8. Nc3
exd5 9. f4 Bb4 10. Bg2 O-O 11. f5 Bxf5 12. Qxh5 Nc6 13. Nge2 Bxc3+ 14. bxc3 g6
15. Qf3 Be4 16. Qf2 Bxg2 17. Qxg2 Ne7 18. O-O dxc4 19. Ng3 Nd5 20. Ne4 Re8 21.
Bf4 c6 22. Be5 Qd7 23. Rf3 Re6 24. Nc5 Qe8 25. Nxe6 Qxe6 26. Raf1 Rf8 27. Qg3
Ne7 28. Bd6 Re8 29. Re1 Qd7 30. Rfe3 1-0

[Event "Quebec op"]
[Site "Longueuil CAN"]
[Date "2019.07.21"]
[Round "2.13"]
[White "Zhu, Hong Rui"]
[Black "Boucher, Antoni"]
[Result "1-0"]
[WhiteElo "2275"]
[BlackElo "1932"]
[PlyCount "81"]
[EventDate "2019.07.20"]
[EventType "swiss"]
[EventRounds "9"]
[EventCountry "CAN"]

1. e4 c6 2. d4 d5 3. exd5 cxd5 4. Bd3 Nf6 5. c3 Bg4 6. Qb3 Qc7 7. f3 Bh5 8. Bf4
Qb6 9. Qxb6 axb6 10. Na3 Na6 11. Nb5 Nd7 12. Kd2 e6 13. Nh3 Be7 14. Nd6+ Bxd6
15. Bxd6 Nab8 16. Bb5 Nc6 17. Rhe1 Nf6 18. Bc7 O-O 19. Bxb6 Nd7 20. Bc7 Rfc8
21. Bd6 Nb6 22. Nf4 Bg6 23. Nxg6 hxg6 24. b3 Ra5 25. a4 Raa8 26. h4 Nd7 27. Re2
Nf6 28. g4 Na7 29. Bd3 Rc6 30. Bb4 Rac8 31. Ree1 Ne8 32. Bc5 b6 33. Bb4 R8c7
34. Bb5 Rc8 35. Bxc6 Nxc6 36. Ba3 Na5 37. Kc2 Nc7 38. Kb2 Na6 39. Rh1 Nb8 40.
h5 g5 41. h6 1-0

[Event "Quebec op"]
[Site "Longueuil CAN"]
[Date "2019.07.21"]
[Round "2.14"]
[White "Beaudry, Marc-Andre"]
[Black "Rodrigue-Lemieux, Shawn"]
[Result "0-1"]
[WhiteElo "1848"]
[BlackElo "2257"]
[PlyCount "68"]
[EventDate "2019.07.20"]
[EventType "swiss"]
[EventRounds "9"]
[EventCountry "CAN"]

1. e4 c6 2. d4 d5 3. e5 Bf5 4. Nf3 e6 5. Be2 Bb4+ 6. Nbd2 Nd7 7. O-O f6 8. Nb3
fxe5 9. dxe5 Ne7 10. Nbd4 c5 11. Nxf5 Nxf5 12. c3 Ba5 13. Bg5 Qc7 14. g4 Ne7
15. Re1 Bb6 16. Bh4 Ng6 17. Bg3 O-O-O 18. Bd3 Ndf8 19. a4 a6 20. b4 h5 21. h3
hxg4 22. hxg4 c4 23. Bc2 Qf7 24. Nd4 Bxd4 25. cxd4 Nh7 26. Qd2 Ng5 27. Qe3 Nf4
28. f3 Rdf8 29. Bd1 Qg6 30. Ra2 Nd3 31. Rf1 Nh3+ 32. Kg2 Qh7 33. f4 Ng5 34. Bf3
Qh3+ 0-1

[Event "Quebec op"]
[Site "Longueuil CAN"]
[Date "2019.07.21"]
[Round "2.15"]
[White "Richard, Leo"]
[Black "Zhong, Kevin"]
[Result "1/2-1/2"]
[WhiteElo "1813"]
[BlackElo "2039"]
[PlyCount "73"]
[EventDate "2019.07.20"]
[EventType "swiss"]
[EventRounds "9"]
[EventCountry "CAN"]

1. d4 d5 2. c4 e6 3. Nc3 Nf6 4. Nf3 Be7 5. Bf4 O-O 6. e3 c5 7. dxc5 Bxc5 8. Be2
Nc6 9. O-O a6 10. h3 dxc4 11. Bxc4 b5 12. Be2 h6 13. Ne5 Bb7 14. Bf3 Qb6 15.
Rc1 Rfd8 16. Qe2 Nxe5 17. Bxe5 Bxf3 18. Qxf3 Nd7 19. Bg3 Bd6 20. Ne4 Bxg3 21.
Qxg3 f5 22. Nd2 Nc5 23. Nf3 Ne4 24. Qg6 Nd2 25. Nxd2 Rxd2 26. Rfd1 Rd6 27. Rxd6
Qxd6 28. e4 f4 29. e5 Qxe5 30. Rc6 Qe1+ 31. Kh2 Qxf2 32. Qxe6+ Kh8 33. Rc8+
Rxc8 34. Qxc8+ Kh7 35. Qf5+ Kg8 36. Qc8+ Kh7 37. Qf5+ 1/2-1/2

[Event "Quebec op"]
[Site "Longueuil CAN"]
[Date "2019.07.21"]
[Round "2.16"]
[White "Robichaud, Louis"]
[Black "Yagiz, Bora"]
[Result "1-0"]
[WhiteElo "2026"]
[BlackElo "1889"]
[PlyCount "71"]
[EventDate "2019.07.20"]
[EventType "swiss"]
[EventRounds "9"]
[EventCountry "CAN"]

1. e4 c5 2. d3 e6 3. g3 d5 4. Nd2 Nf6 5. Ngf3 b5 6. Bg2 Bb7 7. e5 Nfd7 8. O-O
Nc6 9. Re1 Qc7 10. Qe2 Be7 11. c4 bxc4 12. dxc4 Ba6 13. b3 Nb6 14. Ba3 g5 15.
g4 h5 16. h3 hxg4 17. hxg4 O-O-O 18. Rac1 dxc4 19. Ne4 Nd4 20. Nxd4 Rxd4 21.
Bb2 Qxe5 22. Bxd4 Qh2+ 23. Kf1 cxd4 24. bxc4 Kb8 25. Ng3 Rc8 26. Qe5+ Rc7 27.
Qa5 Bxc4+ 28. Rxc4 Rxc4 29. Qa6 Rc7 30. a4 Qh7 31. a5 Nd5 32. Nf5 Nb4 33. Qb5+
Kc8 34. Qe8+ Bd8 35. Nd6+ Kb8 36. Qxd8+ 1-0

[Event "Quebec op"]
[Site "Longueuil CAN"]
[Date "2019.07.21"]
[Round "2.17"]
[White "Craciun, David"]
[Black "Libersan, Thierry"]
[Result "0-1"]
[WhiteElo "1720"]
[BlackElo "2017"]
[PlyCount "84"]
[EventDate "2019.07.20"]
[EventType "swiss"]
[EventRounds "9"]
[EventCountry "CAN"]

1. d4 Nf6 2. Bf4 g6 3. Nc3 d6 4. e4 a6 5. a4 Bg7 6. Qd2 Nc6 7. Nf3 Bg4 8. Be2
O-O 9. Rd1 Nd7 10. d5 Bxf3 11. gxf3 Nd4 12. Rc1 Ne5 13. Qe3 Qd7 14. h4 f5 15.
Kf1 Nxe2 16. Nxe2 fxe4 17. fxe4 Rf7 18. Rg1 Raf8 19. b3 c5 20. Rg3 Ng4 21. Qd2
Be5 22. Bxe5 Rxf2+ 23. Kg1 Nxe5 24. Qe3 R2f3 25. Qg5 Rxg3+ 26. Qxg3 Rf3 27. Qg2
Rf6 28. Kh1 Qe8 29. Qg5 Qf7 30. Ng3 Nf3 31. Qg4 Rf4 32. Qc8+ Kg7 33. Kg2 Nxh4+
34. Kh3 Nf3 35. Kg2 Ne5 36. Rg1 Qf6 37. Qxb7 Ng4 38. Kh3 Nf2+ 39. Kg2 Ng4 40.
Kh3 Nf2+ 41. Kg2 Qh4 42. Qd7 Ng4 0-1

[Event "Quebec op"]
[Site "Longueuil CAN"]
[Date "2019.07.21"]
[Round "2.18"]
[White "Zheng, Richard"]
[Black "Vignalou, Joseph"]
[Result "1-0"]
[WhiteElo "1993"]
[BlackElo "1732"]
[PlyCount "73"]
[EventDate "2019.07.20"]
[EventType "swiss"]
[EventRounds "9"]
[EventCountry "CAN"]

1. b3 c5 2. Bb2 Nc6 3. Nf3 d5 4. e3 e6 5. Bb5 Bd7 6. O-O Nf6 7. Bxc6 Bxc6 8.
Ne5 Bd6 9. Nxc6 bxc6 10. f4 h5 11. d3 Qe7 12. Qf3 Bc7 13. Qg3 O-O-O 14. Be5
Rdg8 15. Nd2 h4 16. Qf3 Ba5 17. Rad1 Kb7 18. a3 Nd7 19. Ba1 f5 20. Qf2 Rh7 21.
Nf3 Nf6 22. h3 Nd7 23. Rb1 Bb6 24. a4 Rh5 25. Bc3 a5 26. Kh1 g5 27. fxg5 Rgxg5
28. Nxg5 Qxg5 29. Bd2 e5 30. c3 Nf6 31. b4 cxb4 32. cxb4 Ka6 33. bxa5 Ba7 34.
d4 c5 35. dxc5 Bxc5 36. Qe2+ Ka7 37. Qb5 1-0

[Event "Quebec op"]
[Site "Longueuil CAN"]
[Date "2019.07.21"]
[Round "2.19"]
[White "Landry, Sylvain"]
[Black "Nunez, Omar"]
[Result "1/2-1/2"]
[WhiteElo "2046"]
[BlackElo "1963"]
[PlyCount "103"]
[EventDate "2019.07.20"]
[EventType "swiss"]
[EventRounds "9"]
[EventCountry "CAN"]

1. Nf3 d6 2. e4 g6 3. d4 Bg7 4. Nc3 Bg4 5. Bc4 e6 6. Be3 Ne7 7. h3 Bxf3 8. Qxf3
O-O 9. Rd1 Nbc6 10. O-O e5 11. dxe5 Nxe5 12. Qe2 Nxc4 13. Qxc4 Nc6 14. f4 Rc8
15. e5 Qe7 16. Rfe1 Rfe8 17. Qb5 dxe5 18. Qxb7 exf4 19. Bf2 Ne5 20. Nd5 Qg5 21.
Kh1 f3 22. g3 Qf5 23. g4 Nxg4 24. Bc5 Ne5 25. Rd2 Qxh3+ 26. Rh2 f2 27. Bxf2
Qf3+ 28. Rg2 Qf5 29. Re3 h5 30. Rh2 Ng4 31. Ne7+ Rxe7 32. Rxe7 Nxf2+ 33. Rxf2
Qh3+ 34. Kg1 Bd4 35. Ree2 Bxf2+ 36. Kxf2 Qh2+ 37. Kf1 Qh3+ 38. Kf2 Qf5+ 39. Kg1
Rd8 40. Qxc7 Qg4+ 41. Kf2 Qd4+ 42. Kg2 Qg4+ 43. Kf2 Rd4 44. Re8+ Kg7 45. Qe5+
f6 46. Qc7+ Kh6 47. Ke3 Qg1+ 48. Kf3 Qd1+ 49. Ke3 Qd2+ 50. Kf3 Qd1+ 51. Ke3
Qg1+ 52. Kf3 1/2-1/2

[Event "Quebec op"]
[Site "Longueuil CAN"]
[Date "2019.07.21"]
[Round "2.20"]
[White "Nunez-Painchaud, Raphael"]
[Black "Yan, Alex Jikai"]
[Result "1-0"]
[WhiteElo "1962"]
[BlackElo "1417"]
[PlyCount "89"]
[EventDate "2019.07.20"]
[EventType "swiss"]
[EventRounds "9"]
[EventCountry "CAN"]

1. d4 d5 2. c4 e6 3. Nf3 Nf6 4. g3 Be7 5. Bg2 O-O 6. O-O dxc4 7. Ne5 c5 8. dxc5
Bxc5 9. Qc2 Qc7 10. Nxc4 Nc6 11. e3 Bd7 12. a3 Rac8 13. Nc3 a6 14. Nd2 Ne5 15.
Nce4 Nxe4 16. Nxe4 Be7 17. Qxc7 Rxc7 18. Bd2 Bc6 19. Bc3 Ng6 20. Rac1 Rd7 21.
h4 f5 22. Nd2 Bxg2 23. Kxg2 Bf6 24. Bxf6 Rxf6 25. Nf3 Rf8 26. Rc5 Re8 27. Rfc1
h6 28. Rc7 Rde7 29. h5 Nf8 30. Ne5 Rxc7 31. Rxc7 Rb8 32. Re7 b5 33. b4 Ra8 34.
Rb7 Nh7 35. Nd7 Nf8 36. Nc5 a5 37. Rxb5 axb4 38. axb4 Kf7 39. Rb7+ Kf6 40. f4
Ra2+ 41. Kf3 g5 42. fxg5+ Kxg5 43. Nd3 Kxh5 44. Rf7 Ng6 45. Nc5 1-0

[Event "Quebec op"]
[Site "Longueuil CAN"]
[Date "2019.07.21"]
[Round "3.1"]
[White "Perez Rodriguez, Luis Manuel"]
[Black "Sambuev, Bator"]
[Result "1/2-1/2"]
[WhiteElo "2348"]
[BlackElo "2503"]
[PlyCount "53"]
[EventDate "2019.07.20"]
[EventType "swiss"]
[EventRounds "9"]
[EventCountry "CAN"]

1. e4 c5 2. Nf3 d6 3. d4 cxd4 4. Nxd4 Nf6 5. Nc3 Nc6 6. Bc4 Qb6 7. Nb3 e6 8.
Be3 Qc7 9. f4 a6 10. Bd3 Be7 11. Qf3 O-O 12. O-O Nb4 13. Rae1 Bd7 14. Qg3 Bb5
15. Bxb5 axb5 16. Nd4 Nxa2 17. Ncxb5 Qd7 18. e5 Nd5 19. f5 dxe5 20. fxe6 fxe6
21. Rxf8+ Rxf8 22. Qxe5 Bf6 23. Qxe6+ Qxe6 24. Nxe6 Re8 25. Nbc7 Nxc7 26. Nxc7
Rc8 27. Nd5 1/2-1/2

[Event "Quebec op"]
[Site "Longueuil CAN"]
[Date "2019.07.21"]
[Round "3.3"]
[White "Kaufman, Raymond"]
[Black "Roussel-Roozmon, Thomas"]
[Result "1/2-1/2"]
[WhiteElo "2301"]
[BlackElo "2463"]
[PlyCount "44"]
[EventDate "2019.07.20"]
[EventType "swiss"]
[EventRounds "9"]
[EventCountry "CAN"]

1. d4 Nf6 2. c4 e6 3. Nf3 d5 4. g3 dxc4 5. Bg2 c6 6. O-O b5 7. Ne5 Bb7 8. a4
Qc8 9. b3 cxb3 10. Qxb3 b4 11. Bg5 c5 12. dxc5 Bxg2 13. Kxg2 Qb7+ 14. f3 Bxc5
15. Bxf6 gxf6 16. Ng4 Nd7 17. Nd2 h5 18. Nf2 Rc8 19. Nde4 Ke7 20. Nd3 a5 21.
Rfd1 Bd4 22. Nxb4 Qxb4 1/2-1/2

[Event "Quebec op"]
[Site "Longueuil CAN"]
[Date "2019.07.21"]
[Round "3.4"]
[White "Vera, Reynaldo"]
[Black "Duong, Thanh Nha"]
[Result "1-0"]
[WhiteElo "2424"]
[BlackElo "2230"]
[PlyCount "155"]
[EventDate "2019.07.20"]
[EventType "swiss"]
[EventRounds "9"]
[EventCountry "CAN"]

1. d4 Nf6 2. Nf3 e6 3. g3 b6 4. Bg2 Bb7 5. O-O c5 6. c4 cxd4 7. Qxd4 d6 8. Nc3
a6 9. b3 Nbd7 10. Rd1 Be7 11. e4 Qc7 12. Bb2 O-O 13. Rac1 Rfe8 14. Qe3 Rad8 15.
Nd4 Qb8 16. Rc2 Bf8 17. Qc1 Nc5 18. Re2 Qa8 19. Qb1 g6 20. f3 Bg7 21. Kh1 h5
22. Bc1 Nh7 23. Be3 Qb8 24. Red2 d5 25. exd5 exd5 26. Bf4 Qc8 27. Nxd5 Bxd5 28.
cxd5 Rxd5 29. Ne2 Rxd2 30. Rxd2 Qe6 31. Ng1 Qe1 32. Rd1 Qc3 33. Bf1 a5 34. Bc4
Nf8 35. Qc1 Qf6 36. Bg5 Qf5 37. Qf4 Qxf4 38. Bxf4 Nfe6 39. Be3 Bf8 40. Kg2 Nc7
41. Kf2 Be7 42. Nh3 N7e6 43. Nf4 Bg5 44. Rd6 Nxf4 45. gxf4 Bh4+ 46. Ke2 Rb8 47.
Rxg6+ Kh7 48. Rc6 Rb7 49. f5 Kg7 50. Bh6+ Kh7 51. Bf8 Be7 52. Rh6+ Kg8 53. Bxe7
Rxe7+ 54. Kf2 Nd7 55. Rg6+ Kf8 56. Rd6 Kg7 57. Bb5 Nf6 58. Rxb6 Re5 59. Bd3 Rd5
60. Ke2 h4 61. Rb5 Rxb5 62. Bxb5 Nd5 63. Kd2 Kf6 64. Bd3 Ke5 65. a3 f6 66. Be4
Nb6 67. Kc3 h3 68. b4 axb4+ 69. Kxb4 Kf4 70. Kb5 Nc8 71. a4 Ke3 72. a5 Kf2 73.
a6 Kg1 74. Bb7 Nd6+ 75. Kc5 Nxb7+ 76. axb7 Kxh2 77. b8=Q+ Kg2 78. Kd5 1-0

[Event "Quebec op"]
[Site "Longueuil CAN"]
[Date "2019.07.21"]
[Round "3.5"]
[White "Chiku-Ratte, Olivier-Kenta"]
[Black "Guipi Bopala, Prince Eric jr"]
[Result "1-0"]
[WhiteElo "2364"]
[BlackElo "1619"]
[PlyCount "69"]
[EventDate "2019.07.20"]
[EventType "swiss"]
[EventRounds "9"]
[EventCountry "CAN"]

1. d4 d5 2. c4 e6 3. Nc3 c6 4. e3 f5 5. Bd3 Nf6 6. Nge2 Bd6 7. Qc2 Ne4 8. O-O
O-O 9. f3 Nxc3 10. bxc3 Qe8 11. cxd5 exd5 12. Bd2 g6 13. Nf4 Nd7 14. Rae1 Nf6
15. c4 Bxf4 16. exf4 Qf7 17. Bb4 Re8 18. Rxe8+ Nxe8 19. cxd5 cxd5 20. Re1 Be6
21. Qe2 Ng7 22. Bd6 Re8 23. Qb2 b6 24. Be5 Rc8 25. Ba6 Re8 26. Rc1 Re7 27. Qb4
Ne8 28. a4 Nc7 29. Bd3 Ne8 30. h3 Nf6 31. Qd6 Ne8 32. Qd8 Rd7 33. Qa8 Re7 34.
Bb5 h6 35. Bd6 1-0

[Event "Quebec op"]
[Site "Longueuil CAN"]
[Date "2019.07.21"]
[Round "3.6"]
[White "Ouellet, Maili-Jade"]
[Black "Voskanyan, Vahagn"]
[Result "1/2-1/2"]
[WhiteElo "2079"]
[BlackElo "2205"]
[PlyCount "250"]
[EventDate "2019.07.20"]
[EventType "swiss"]
[EventRounds "9"]
[EventCountry "CAN"]

1. d4 Nf6 2. c4 c6 3. Nc3 d5 4. Nf3 e6 5. Bg5 Be7 6. e3 Nbd7 7. Bd3 dxc4 8.
Bxc4 c5 9. O-O O-O 10. Rc1 b6 11. Qe2 cxd4 12. exd4 Bb7 13. Rfd1 Re8 14. Ne5
Nd5 15. Bxe7 Rxe7 16. f3 Nxc3 17. bxc3 Rc8 18. Bb3 Nf6 19. Qd2 Rec7 20. Re1 Bd5
21. c4 Bb7 22. Rcd1 Qf8 23. Kh1 Rd8 24. Qf4 Ne8 25. h4 Nd6 26. Ng4 Rdc8 27. Ne3
Ne8 28. h5 h6 29. Ng4 Qd6 30. Ne5 Nf6 31. g4 Nh7 32. d5 exd5 33. cxd5 Ng5 34.
Rd3 Rd8 35. Kg2 Re7 36. Qd4 b5 37. Ree3 Rde8 38. Kf1 a5 39. f4 Nh7 40. a3 Rd8
41. Nf3 Rxe3 42. Rxe3 Nf6 43. g5 Nxh5 44. Ne5 hxg5 45. fxg5 g6 46. Ng4 Qf4+ 47.
Qxf4 Nxf4 48. Nf6+ Kg7 49. d6 Bc8 50. Bxf7 Nh5 51. Nxh5+ gxh5 52. Bxh5 Rxd6 53.
Re7+ Kf8 54. Re8+ Kg7 55. Rxc8 Rd5 56. Rc7+ Kh8 57. Rb7 Rxg5 58. Bf3 Rc5 59.
Ke2 Rc3 60. Rxb5 Rxa3 61. Rb7 Kg8 62. Bd5+ Kf8 63. Kd2 Ke8 64. Kc2 Kd8 65. Bb3
a4 66. Bc4 Kc8 67. Ba6 Kd8 68. Ra7 Rh3 69. Bb5 a3 70. Bd3 a2 71. Kc3 Rh2 72.
Bc2 Rh3+ 73. Kb2 Kc8 74. Kxa2 Rc3 75. Bf5+ Kb8 76. Rf7 Rc7 77. Rf8+ Kb7 78. Rf6
Rc3 79. Kb2 Rg3 80. Kc2 Kc7 81. Bd3 Kd7 82. Kc3 Ke7 83. Ra6 Re3 84. Kd4 Re6 85.
Ra5 Rd6+ 86. Ke4 Re6+ 87. Kf4 Rd6 88. Bf5 Kf6 89. Be4 Rb6 90. Rg5 Rb4 91. Rg6+
Kf7 92. Rd6 Ke7 93. Rh6 Rb5 94. Bc6 Rc5 95. Ke4 Rg5 96. Bd5 Kd7 97. Ra6 Ke7 98.
Be6 Rg1 99. Bf5 Rb1 100. Kf4 Rb5 101. Kg5 Re5 102. Rh6 Re1 103. Kf4 Ra1 104.
Re6+ Kf7 105. Rh6 Kg7 106. Rb6 Kf7 107. Be6+ Ke7 108. Bd5 Re1 109. Be4 Kd7 110.
Ke5 Kc7 111. Rb7+ Kc8 112. Rh7 Re2 113. Kd5 Kd8 114. Ra7 Ke8 115. Bg6+ Kd8 116.
Kd6 Rd2+ 117. Kc6 Rd1 118. Bf7 Rb1 119. Rd7+ Kc8 120. Re7 Rc1+ 121. Kd6 Kb8
122. Bd5 Rc2 123. Rb7+ Kc8 124. Rb5 Rd2 125. Ra5 Rb2 1/2-1/2

[Event "Quebec op"]
[Site "Longueuil CAN"]
[Date "2019.07.21"]
[Round "3.7"]
[White "Masse, Hugues"]
[Black "Prahov, Valentin"]
[Result "1-0"]
[WhiteElo "2168"]
[BlackElo "2055"]
[PlyCount "125"]
[EventDate "2019.07.20"]
[EventType "swiss"]
[EventRounds "9"]
[EventCountry "CAN"]

1. e4 c5 2. Nf3 e6 3. d4 cxd4 4. Nxd4 Nf6 5. Nc3 Nc6 6. Ndb5 d6 7. Bf4 e5 8.
Bg5 a6 9. Na3 b5 10. Nd5 Be7 11. Bxf6 Bxf6 12. c4 Qa5+ 13. Qd2 Qxd2+ 14. Kxd2
b4 15. Nc7+ Ke7 16. Nxa8 Bg5+ 17. Ke1 bxa3 18. bxa3 Bb7 19. Nb6 Nd4 20. Bd3 f5
21. f3 fxe4 22. fxe4 Ne6 23. Nd5+ Bxd5 24. cxd5 Nc5 25. Bc2 Rb8 26. Rb1 Rxb1+
27. Bxb1 Bc1 28. Ke2 Bxa3 29. Bc2 Bb4 30. Rf1 h6 31. Rf3 Ke8 32. h4 Ba5 33. g3
Bd8 34. Rf1 Bc7 35. Rf2 Bd8 36. Kf1 h5 37. Rf5 g6 38. Rf3 Be7 39. Ke2 Bd8 40.
Rf1 Ke7 41. Kf3 Kf6 42. Ke2+ Kg7 43. Rb1 Bc7 44. Bd3 Kf6 45. Ke3 Kg7 46. Kd2 a5
47. Bc2 Kf6 48. Rf1+ Kg7 49. Kc3 Bd8 50. Kc4 Kg8 51. Kb5 Kg7 52. Kc6 Be7 53.
Rb1 g5 54. hxg5 Kg6 55. Rf1 Kg7 56. g4 hxg4 57. Rg1 Kg6 58. Rxg4 Bf8 59. Kb5 a4
60. Bxa4 Kh5 61. Bd1 Kg6 62. Bc2 Be7 63. Kc6 1-0

[Event "Quebec op"]
[Site "Longueuil CAN"]
[Date "2019.07.21"]
[Round "3.8"]
[White "Rodrigue-Lemieux, Shawn"]
[Black "Soudre, Nicolas"]
[Result "1-0"]
[WhiteElo "2257"]
[BlackElo "2086"]
[PlyCount "85"]
[EventDate "2019.07.20"]
[EventType "swiss"]
[EventRounds "9"]
[EventCountry "CAN"]

1. e4 e5 2. Nf3 Nc6 3. Bb5 a6 4. Ba4 Nf6 5. d3 b5 6. Bb3 Be7 7. O-O O-O 8. Re1
d6 9. a4 b4 10. a5 Bg4 11. c3 Rb8 12. Nbd2 d5 13. h3 Bh5 14. Qc2 Bg6 15. Ba4
dxe4 16. dxe4 Nxa5 17. Nxe5 b3 18. Nxb3 Bxe4 19. Rxe4 Nxb3 20. Bxb3 Nxe4 21.
Nc6 Qd7 22. Qxe4 Rxb3 23. Nxe7+ Kh8 24. Qd5 Qb5 25. Ra5 Qxd5 26. Nxd5 Rd8 27.
Rxa6 h6 28. Ne3 f5 29. g3 Kh7 30. Kf1 g6 31. Ke2 Rbb8 32. Rc6 Rd7 33. h4 Ra8
34. h5 gxh5 35. Nxf5 Ra1 36. Rxh6+ Kg8 37. Be3 Ra2 38. Rxh5 Rxb2+ 39. Kf3 Rc2
40. Bd4 c5 41. Nh6+ Kh7 42. Ng4+ Kg6 43. Rxc5 1-0

[Event "Quebec op"]
[Site "Longueuil CAN"]
[Date "2019.07.21"]
[Round "3.9"]
[White "Manley, Jason"]
[Black "Zhu, Hong Rui"]
[Result "1-0"]
[WhiteElo "2025"]
[BlackElo "2275"]
[PlyCount "61"]
[EventDate "2019.07.20"]
[EventType "swiss"]
[EventRounds "9"]
[EventCountry "CAN"]

1. Nf3 c5 2. g3 Nc6 3. Bg2 g6 4. O-O Bg7 5. e4 d6 6. Re1 e5 7. d3 Nge7 8. c3
O-O 9. Na3 h6 10. Nc2 d5 11. exd5 Nxd5 12. d4 cxd4 13. cxd4 Bg4 14. h3 Bxf3 15.
Qxf3 Ndb4 16. Nxb4 Nxb4 17. dxe5 Nc2 18. Rd1 Qc7 19. Rb1 Rad8 20. Bd2 Bxe5 21.
Bxh6 Rfe8 22. Bg5 Rxd1+ 23. Qxd1 Bd4 24. Qd2 Qxg3 25. Bf4 Qh4 26. Rc1 Rd8 27.
Rxc2 Be5 28. Bg5 Rxd2 29. Rc8+ Kg7 30. Bxh4 Rxb2 31. Bd5 1-0

[Event "Quebec op"]
[Site "Longueuil CAN"]
[Date "2019.07.21"]
[Round "3.10"]
[White "Libersan, Thierry"]
[Black "Huang, Qiuyu"]
[Result "0-1"]
[WhiteElo "2017"]
[BlackElo "2181"]
[PlyCount "76"]
[EventDate "2019.07.20"]
[EventType "swiss"]
[EventRounds "9"]
[EventCountry "CAN"]

1. d4 f5 2. c4 Nf6 3. Nc3 g6 4. g3 Bg7 5. Bg2 O-O 6. Nf3 d6 7. O-O Qe8 8. d5 a5
9. Nd4 Na6 10. Rb1 Bd7 11. a3 a4 12. h3 Nc5 13. Ndb5 Qc8 14. Kh2 c6 15. Nd4 Rd8
16. Be3 Qc7 17. Qd2 Nce4 18. Nxe4 fxe4 19. Bh6 Bh8 20. g4 c5 21. Nc2 b5 22. Ne3
Rdb8 23. Qc2 bxc4 24. Bxe4 Nxe4 25. Qxe4 c3 26. bxc3 Bxc3 27. Qxe7 Re8 28. Qg5
Re5 29. Qh4 Rae8 30. Bf4 Re4 31. Bg3 Kg7 32. Qg5 Bf6 33. Nf5+ Bxf5 34. Qc1 Bc8
35. e3 h5 36. gxh5 Qd7 37. Rh1 gxh5 38. Rb6 Be5 0-1

[Event "Quebec op"]
[Site "Longueuil CAN"]
[Date "2019.07.21"]
[Round "3.11"]
[White "Trahan, Daniel"]
[Black "Feoktistov, Dmitri"]
[Result "1-0"]
[WhiteElo "1949"]
[BlackElo "2139"]
[PlyCount "83"]
[EventDate "2019.07.20"]
[EventType "swiss"]
[EventRounds "9"]
[EventCountry "CAN"]

1. d4 f5 2. c4 Nf6 3. g3 g6 4. Bg2 Bg7 5. Nf3 O-O 6. O-O d6 7. Nc3 c6 8. Rb1 a5
9. a3 Ne4 10. Qc2 Nxc3 11. Qxc3 Qc7 12. b4 axb4 13. axb4 e5 14. dxe5 dxe5 15.
Bb2 Nd7 16. c5 h6 17. Rfc1 Kh7 18. Nd2 Re8 19. Nc4 Re7 20. Nd6 Nb6 21. Nxc8
Nxc8 22. Qb3 e4 23. Bxg7 Rxg7 24. f3 Re7 25. fxe4 fxe4 26. Rc4 e3 27. Re4 Rxe4
28. Bxe4 Qe7 29. Qxe3 Ra2 30. Qd3 Qg7 31. Rf1 Ne7 32. Kg2 Kh8 33. Qd8+ Kh7 34.
Qd3 Kh8 35. Qc4 Rd2 36. Rf7 Qe5 37. Rf8+ Kh7 38. Rf7+ Kh8 39. Rf8+ Kh7 40. Qf7+
Qg7 41. Bd3 Rb2 42. Qe8 1-0

[Event "Quebec op"]
[Site "Longueuil CAN"]
[Date "2019.07.21"]
[Round "3.12"]
[White "Martinez Mulet, Dario Leonel"]
[Black "Zheng, Richard"]
[Result "1/2-1/2"]
[WhiteElo "2123"]
[BlackElo "1993"]
[PlyCount "56"]
[EventDate "2019.07.20"]
[EventType "swiss"]
[EventRounds "9"]
[EventCountry "CAN"]

1. d4 d5 2. c4 c6 3. Nf3 Nf6 4. Nc3 e6 5. Bg5 dxc4 6. a4 b5 7. axb5 cxb5 8.
Nxb5 Qb6 9. Na3 Bxa3 10. Qa4+ Nc6 11. Qxa3 Qb3 12. Bxf6 gxf6 13. e3 Nb4 14.
Qxb3 cxb3 15. Kd2 Nc2 16. Ra5 Bb7 17. Rb5 Bd5 18. Bd3 f5 19. Rg1 Ke7 20. Bxc2
bxc2 21. Kxc2 Rhg8 22. Ne1 Rac8+ 23. Kd2 Rb8 24. Rxb8 Rxb8 25. Kc3 Rb3+ 26. Kd2
Rb8 27. Kc3 Rc8+ 28. Kd2 Rb8 1/2-1/2